000 00502nam a2200193 i 4500
001 bg
100 1 _aBen-Ari, M.
_d(1948- ).
245 1 0 _aPodstawy programowania współbieżnego /
_cH.Ben-Ari.
260 _aWarszawa,
_c1989.
490 1 _aBiblioteka Inżynierii Oprogramowania
830 _aBiblioteka Inżynierii Oprogramowania
040 _cBPK
041 _apol
080 _a004.42
080 _a004.43
080 _a(075.8)
942 _cKS
008 s pl f |000 0 pol
999 _c28942
_d28942
856 _uhttp://koha.tu.koszalin.pl/cgi-bin/koha/opac-detail.pl?biblionumber=28942
_yKatalog online BPK